| 000 | 00488nam a2200157Ia 4500 | ||
|---|---|---|---|
| 008 | 210716s2011 xx 000 0 und d | ||
| 020 | _a9780071067850 | ||
| 041 | _aeng | ||
| 082 | _a658.15 KHAM | ||
| 100 | _aKhan, M Y;Jain, P K. | ||
| 245 |
_aFinancial management: text, problems and cases. _bText, problems and cases. |
||
| 250 | _a6 | ||
| 260 |
_aNew Delhi _bTata McGraw Hill Education Private Limited _c2011 |
||
| 300 | _axxi,1.26-36.45,A.10,I.10 | ||
| 650 | _aFinancial Management | ||
| 999 |
_c192943 _d192943 |
||